Central Library OPAC University of Rajshahi

তফসীরে আশরাফী : (Record no. 56863)

MARC details
000 -LEADER
fixed length control field 00830nam a2200217 a 4500
001 - CONTROL NUMBER
control field 56863
003 - CONTROL NUMBER IDENTIFIER
rucl marc code BD-RjUL
005 - DATE AND TIME OF LATEST TRANSACTION
control field 20211209080437.0
008 - FIXED-LENGTH DATA ELEMENTS--GENERAL INFORMATION
fixed length control field 161204s1977 bg ||||| |||| 00| 0 ben d
035 ## - SYSTEM CONTROL NUMBER
System control number (BD-RjUL)56987
040 ## - CATALOGING SOURCE
Original cataloging agency BD-RjUL
Language of cataloging ben
Transcribing agency BD-RjUL
Modifying agency BD-RjUL
041 ## - LANGUAGE CODE
Language code of text/sound track or separate title ben
082 ## - DEWEY DECIMAL CLASSIFICATION NUMBER
Edition number 23
Classification number 297.125
Author mark and year THT 1977
100 ## - MAIN ENTRY--PERSONAL NAME
Personal name থানভী, আশরাফ আলী
9 (RLIN) 168759
245 10 - TITLE STATEMENT
Title তফসীরে আশরাফী :
Remainder of title [২১ পারা - উত্‌লু-মা-উহিয়া] /
Statement of responsibility, etc. আশ'রাফ আলী থানভী
260 ## - PUBLICATION, DISTRIBUTION, ETC. (IMPRINT)
Place of publication, distribution, etc. ঢাকা :
Name of publisher, distributor, etc. এমদাদিয়া লাইব্রেরী,
Date of publication, distribution, etc. ১৯৭৭
300 ## - PHYSICAL DESCRIPTION
Pagination বিভিন্ন পৃ. ;
Size ২৬ সেমি.
650 ## - SUBJECT ADDED ENTRY--TOPICAL TERM
Topical term or geographic name as entry element হাদিস
9 (RLIN) 168760
Topical term or geographic name as entry element Hadidth
9 (RLIN) 157156
942 ## - ADDED ENTRY ELEMENTS (KOHA)
Source of classification or shelving scheme Dewey Decimal Classification
Koha item type Books
Holdings
Lost status Source of classification or shelving scheme Damaged status Not for loan Collection code Permanent Location Current Location Shelving location Date acquired Source of acquisition Cost, normal purchase price Total Checkouts Full call number Date last seen Copy number Koha item type
  Dewey Decimal Classification   Not For Loan Non-fiction Central Library, University of Rajshahi Central Library, University of Rajshahi Reading Room 22/06/1982 Alighor library, Rajshahi. 77.50   B 297.125 THT 1977 04/12/2016 C-1 Books